[Event "Centrocoop Sept op-B"]
[Site "Eforie Nord"]
[Date "1998.??.??"]
[Round "?"]
[White "Ionica, Iulia Ionela"]
[Black "Radu, Stela"]
[Result "1-0"]
[WhiteElo "2225"]
[BlackElo "2035"]
[PlyCount "105"]
[EventDate "1998.09.??"]
[EventType "swiss"]
[EventRounds "11"]
[EventCountry "ROU"]
[SourceTitle "EXT 2000"]
[Source "ChessBase"]
[SourceDate "1999.11.16"]
[SourceVersion "1"]
[SourceVersionDate "1999.11.16"]
[SourceQuality "1"]

1. e4 c5 2. Nf3 d6 3. d4 cxd4 4. Nxd4 Nf6 5. Nc3 a6 6. Be3 e5 7. Nb3 Be6 8. f3 Nbd7 9. Qd2 Qc7 10. g4 h6 11. h4 Nb6 12. 0-0-0 Be7 13. Qf2 Nfd7 14. Kb1 0-0-0 15. Rh2 Kb8 16. a4 Nc4 17. Bxc4 Bxc4 18. Nd5 Bxd5 19. Rxd5 Rc8 20. a5 g5 21. Qd2 f6 22. Bg1 b6 23. axb6 Nxb6 24. Qb4 Ka7 25. Na5 Qb8 26. Nc4 Rc6 27. Nxb6 Rxb6 28. hxg5 fxg5 29. Rd3 Rh7 30. Bxb6+ Qxb6 31. Qxb6+ Kxb6 32. Rb3+ Kc7 33. Kc1 Bf8 34. Kd2 Rd7 35. Rd3 Kc6 36. c4 Rb7 37. Kc3 Rf7 38. b4 Kb6 39. Kb3 Rc7 40. Rhd2 Rc6 41. Rd5 Kc7 42. Ra2 Kb7 43. Rda5 Rb6 44. b5 axb5 45. Rxb5 Be7 46. Rxb6+ Kxb6 47. Ra8 Kc6 48. Rh8 Kd7 49. Rxh6 Ke8 50. Ka4 Kf7 51. Kb5 Kg7 52. Re6 Kf7 53. Rxe7+ 1-0

[Event "Centrocoop Sept op-B"]
[Site "Eforie Nord"]
[Date "1998.??.??"]
[Round "?"]
[White "Radu, Stela"]
[Black "Draica, Iulia"]
[Result "0-1"]
[WhiteElo "2035"]
[BlackElo "2070"]
[PlyCount "98"]
[EventDate "1998.09.??"]
[EventType "swiss"]
[EventRounds "11"]
[EventCountry "ROU"]
[SourceTitle "EXT 2000"]
[Source "ChessBase"]
[SourceDate "1999.11.16"]
[SourceVersion "1"]
[SourceVersionDate "1999.11.16"]
[SourceQuality "1"]

1. d4 Nf6 2. c4 g6 3. Nc3 Bg7 4. e4 d6 5. Be3 0-0 6. Nf3 e5 7. dxe5 dxe5 8. Qxd8 Rxd8 9. Nd5 Rd7 10. Nxf6+ Bxf6 11. g3 Rd8 12. Bg2 Nc6 13. 0-0 Be6 14. b3 Bg7 15. Ng5 Bg4 16. f3 Bd7 17. Rad1 Bh6 18. Kf2 f6 19. Nh3 Bxe3+ 20. Kxe3 Nd4 21. Rd2 Bxh3 22. Bxh3 a5 23. f4 Kg7 24. fxe5 fxe5 25. Rff2 Rf8 26. c5 Rxf2 27. Rxf2 Ra6 28. Bd7 Ra8 29. h4 Rd8 30. Bh3 Rf8 31. Rxf8 Kxf8 32. Bc8 b6 33. cxb6 cxb6 34. Bg4 Ke7 35. Bd1 h6 36. Kd3 Kd6 37. a3 Kc5 38. Kd2 Nb5 39. a4 Nd6 40. Ke3 Kb4 41. g4 g5 42. hxg5 hxg5 43. Kd3 Nb7 44. Kc2 Nc5 45. Kb2 Nxe4 46. Kc2 Nc5 47. Kb2 e4 48. Bc2 e3 49. Bd1 Nxb3 0-1

[Event "Centrocoop Sept op-B"]
[Site "Eforie Nord"]
[Date "1998.??.??"]
[Round "?"]
[White "Radu, Stela"]
[Black "Moskalyuk, Natalya"]
[Result "1/2-1/2"]
[WhiteElo "2035"]
[BlackElo "2290"]
[PlyCount "63"]
[EventDate "1998.09.??"]
[EventType "swiss"]
[EventRounds "11"]
[EventCountry "ROU"]
[SourceTitle "EXT 2000"]
[Source "ChessBase"]
[SourceDate "1999.11.16"]
[SourceVersion "1"]
[SourceVersionDate "1999.11.16"]
[SourceQuality "1"]

1. d4 d5 2. Nf3 c6 3. e3 Nf6 4. Bd3 Nbd7 5. b3 e6 6. 0-0 Bd6 7. Bb2 Qc7 8. Nbd2 e5 9. dxe5 Nxe5 10. Bxe5 Bxe5 11. Nxe5 Qxe5 12. Nf3 Qe7 13. h3 0-0 14. c3 Ne4 15. Qc2 f5 16. c4 dxc4 17. Bxc4+ Be6 18. Rad1 Rad8 19. Rxd8 Rxd8 20. Bxe6+ Qxe6 21. Rd1 Rd5 22. Rxd5 Qxd5 23. Ne1 Kf7 24. f3 Nd6 25. Nd3 Ke7 26. Kf2 Nf7 27. Qc5+ Qxc5 28. Nxc5 b6 29. Nd3 Ke6 30. g4 g6 31. gxf5+ gxf5 32. Kg3 1/2-1/2

[Event "ROM-chT2"]
[Site "Sovata"]
[Date "1997.??.??"]
[Round "6"]
[White "Petrenko, Svetlana"]
[Black "Radu, Stela"]
[Result "1-0"]
[WhiteElo "2210"]
[BlackElo "2060"]
[PlyCount "113"]
[EventDate "1997.10.??"]
[EventType "team-tourn"]
[EventRounds "7"]
[EventCountry "ROU"]
[SourceTitle "EXT 2000"]
[Source "ChessBase"]
[SourceDate "1999.11.16"]
[SourceVersion "1"]
[SourceVersionDate "1999.11.16"]
[SourceQuality "1"]

1. e4 c5 2. Nf3 d6 3. d4 cxd4 4. Nxd4 Nf6 5. Nc3 a6 6. a4 e5 7. Nb3 Be6 8. Be2 Be7 9. 0-0 0-0 10. Be3 Nbd7 11. f4 exf4 12. Rxf4 Ne5 13. Nd5 Bxd5 14. exd5 Ng6 15. Rf1 Ne4 16. Bd3 Nc5 17. Nxc5 dxc5 18. Qh5 Qb6 19. Rf3 Bf6 20. Rh3 Rfe8 21. Qxh7+ Kf8 22. Bxg6 fxg6 23. Qxg6 Rxe3 24. Rxe3 c4 25. Rae1 Bd4 26. Qxb6 Bxb6 27. Kf1 Bxe3 28. Rxe3 Rd8 29. Re5 Kf7 30. g4 Rd6 31. b3 cxb3 32. cxb3 Rb6 33. Re3 Rb4 34. d6 Rd4 35. Re7+ Kf6 36. Rxb7 Rxd6 37. Ke2 g6 38. h4 Ke5 39. Ke3 Rc6 40. Re7+ Kf6 41. Rd7 Rb6 42. Ke4 Ke6 43. Ra7 Rb4+ 44. Kd3 Rxb3+ 45. Kc4 Rh3 46. Rxa6+ Kf7 47. Ra7+ Kg8 48. Rd7 Rxh4 49. Rd4 Rh1 50. a5 Kf7 51. Kc5 Ra1 52. Kb5 Ke6 53. a6 Ke5 54. Ra4 Rb1+ 55. Kc6 Rc1+ 56. Kd7 Rd1+ 57. Ke7 1-0

[Event "ROM-chT2"]
[Site "Sovata"]
[Date "1997.??.??"]
[Round "1"]
[White "Radu, Stela"]
[Black "Baciu, Anca Otilia"]
[Result "1/2-1/2"]
[WhiteElo "2060"]
[BlackElo "2195"]
[PlyCount "61"]
[EventDate "1997.10.??"]
[EventType "team-tourn"]
[EventRounds "7"]
[EventCountry "ROU"]
[SourceTitle "EXT 2000"]
[Source "ChessBase"]
[SourceDate "1999.11.16"]
[SourceVersion "1"]
[SourceVersionDate "1999.11.16"]
[SourceQuality "1"]

1. d4 Nf6 2. Nf3 e6 3. e3 b6 4. Bd3 Bb7 5. Nbd2 d5 6. 0-0 Nbd7 7. b3 Bd6 8. Bb2 0-0 9. Ne5 a6 10. f4 Ne4 11. Nxd7 Qxd7 12. Rf3 g6 13. Rh3 Nxd2 14. Qxd2 Qe7 15. g4 f5 16. g5 a5 17. a4 Ba6 18. Bxa6 Rxa6 19. Rg3 Raa8 20. c4 Bb4 21. Qd3 Rad8 22. Rg2 Qd7 23. c5 Rb8 24. Rc2 Qc6 25. Bc3 bxc5 26. Bxb4 Rxb4 27. Rxc5 Qb6 28. Rb5 Rxb5 29. Qxb5 Rb8 30. Qxb6 Rxb6 31. Rb1 1/2-1/2

[Event "ROM-chT2"]
[Site "Sovata"]
[Date "1997.??.??"]
[Round "3"]
[White "Radu, Stela"]
[Black "Crisan, Cristina"]
[Result "1/2-1/2"]
[WhiteElo "2060"]
[BlackElo "2075"]
[PlyCount "83"]
[EventDate "1997.10.??"]
[EventType "team-tourn"]
[EventRounds "7"]
[EventCountry "ROU"]
[SourceTitle "EXT 2000"]
[Source "ChessBase"]
[SourceDate "1999.11.16"]
[SourceVersion "1"]
[SourceVersionDate "1999.11.16"]
[SourceQuality "1"]

1. d4 Nf6 2. c4 g6 3. Nc3 Bg7 4. e4 d6 5. Nf3 0-0 6. Be2 e5 7. dxe5 dxe5 8. Qxd8 Rxd8 9. Nd5 Nxd5 10. cxd5 c6 11. Bc4 b5 12. Bb3 a5 13. dxc6 Nxc6 14. Bg5 Re8 15. Bd5 Bb7 16. 0-0 Rab8 17. Rfd1 Nd4 18. Nxd4 Bxd5 19. Nxb5 Rxb5 20. Rxd5 Rxb2 21. Rxa5 Reb8 22. g3 h6 23. Be7 Re2 24. Ra4 Bf8 25. Bxf8 Kxf8 26. Rf1 Rbb2 27. a3 Ra2 28. Kg2 h5 29. h4 Rec2 30. Ra5 Kg7 31. Rxe5 Rxa3 32. Rd5 Re2 33. Rd4 Raa2 34. Kf3 Kf6 35. Rdd1 Ke5 36. Rde1 Reb2 37. Re3 Rc2 38. Rd3 Rcb2 39. Rd5+ Ke6 40. Rd3 Ke5 41. Rd5+ Ke6 42. Rd3 1/2-1/2